| 000 | 00415nam a2200145 a 4500 | ||
|---|---|---|---|
| 001 | 000033499 | ||
| 005 | 20240226131943.0 | ||
| 008 | 110830s1926 dr 000 0 spa d | ||
| 040 |
_aDO-SdBNP _bspa _cBNPHU |
||
| 082 |
_axxx _bA948c |
||
| 100 | 1 |
_aAvelino, Andrés, _d1900-1974 _931875 |
|
| 245 | 1 | 0 |
_aCantos a mi muerta viva / _cAndrés Avelino. |
| 260 |
_aSanto Domingo : _aLa voz, _c1926. |
||
| 300 |
_a30 p. ; _c17 cm. |
||
| 999 |
_c32990 _d32990 |
||